| 000 | 01104cam a2200301 i 4500 | ||
|---|---|---|---|
| 001 | 5742 | ||
| 003 | Mx-PuUPA | ||
| 005 | 20240410103440.0 | ||
| 008 | 140415s1967 sp a gr 001 0 spa d | ||
| 017 | _aB.35.803-67 | ||
| 040 |
_aMx-PuUPA _bspa _cMx-PuUPA _dMx-PuUPA _erda |
||
| 041 | 0 |
_aspa _hger |
|
| 100 | 1 |
_aCeram, C. W., _912304 _eautor _d1915-1972 |
|
| 240 | 1 | 0 |
_aGötter, gräber und gelehrte. Roman der archäologie. _lEspañol |
| 245 | 1 | 0 |
_aDioses, tumbas y sabios : _bla novela de la arquitectura / _cC. W. Ceram ; traducción del alemán por Manuel Tamayo |
| 250 | _aUndécima edición | ||
| 264 | 1 |
_aBarcelona : _bEdiciones Destino, _c1967 |
|
| 300 |
_a431 páginas : _bilustraciones ; _c24 cm |
||
| 336 |
_2rdacontent _atexto _btxt |
||
| 337 |
_2rdamedia _asin medio _bn |
||
| 338 |
_2rdacarrier _avolumen _bnc |
||
| 650 | 7 |
_2armarc _aArqueología |
|
| 700 | 1 |
_aTamayo, Manuel, _etraductor |
|
| 765 | 0 | 8 |
_aCeram, C. W., 1915-1972 _tGötter, gräber und gelehrte. Roman der archäologie. |
| 942 |
_2ddc _cLI _h930.1 _iC415 |
||
| 999 |
_c5742 _d5742 |
||